Doctor Who Production Teams (1963 - present) - Statistics

General Stats
  • This quiz has been taken 11 times
  • The average score is 17 of 41
Answer Stats
Script Editors (1963 - 1989) Years served % Correct
Jane Tranter 2023–present
83%
Russell T Davies 2005–2010, 2023–present
83%
Steven Moffat 2010–2017, 2024
83%
Chris Chibnall 2018–2022
67%
Phil Collinson 2007–2008, 2023–present
67%
Verity Lambert 1963–1965
67%
Andrew Cartmel 1987–1989
50%
Barry Letts 1970–1975
50%
Barry Letts 1980–1981
50%
Christopher H. Bidmead 1980–1981
50%
Douglas Adams 1979–1980
50%
Eric Saward 1982–1986
50%
Joel Collins 2023–present
50%
John Nathan-Turner 1980–1989
50%
Julie Gardner 2005–2010, 2023–present
50%
Philip Hinchcliffe 1975–1977
50%
Robert Holmes 1974–1977
50%
Terrance Dicks 1968–1974
50%
Anthony Read 1977–1979
33%
Antony Root 1981–1982
33%
Caroline Skinner 2011–2013
33%
David Whitaker 1963–1964
33%
Dennis Spooner 1964–1965
33%
Derrick Sherwin 1968
33%
Derrick Sherwin 1969–1970
33%
Donald Tosh 1965–1966
33%
Gerry Davis 1966–1967
33%
Graham Williams 1977–1980
33%
Innes Lloyd 1966–1968
33%
John Wiles 1965–1966
33%
Mal Young 2005
33%
Matt Strevens 2018–2022
33%
Peter Bryant 1967–1968
33%
Peter Bryant 1967–1969
33%
Philip Segal 1996
33%
Victor Pemberton 1967
33%
Beth Willis 2010–2011
17%
Brian Minchin 2013–2017
17%
Julie Anne Robinson 2024
17%
Piers Wenger 2010–2011
17%
Faith Penhale 2013
0%
No matching quizzes found
Score Distribution
Percent of People with Each Score
Percentile by Number Answered
Your Score History
You have not taken this quiz